| 000 | 00499nam a2200169Ia 4500 | ||
|---|---|---|---|
| 008 | 090201s9999 xx 000 0 und d | ||
| 010 | _aKPL-25706 | ||
| 040 | _bमराठी | ||
| 041 | _aमराठी | ||
| 082 |
_a53221 _b25706 |
||
| 100 | _aसंजीवनी मराठे | ||
| 245 |
_aअंजू _cसंजीवनी मराठे |
||
| 260 |
_c2003 _bस्वाती प्रकाशन |
||
| 300 |
_a74 _bमोठा |
||
| 600 | _aअंजू | ||
| 942 | _cBOOK | ||
| 999 |
_c249644 _d249644 |
||